000 01335nam a2200337 i 4500
003 EG-GICUC
005 20260206053242.0
008 260112s2006 ua |||fr|||| 00| 0 ara d
017 _a10415/2005
020 _a9773281833
040 _a EG-GICUC
_bara
_c EG-GICUC
_d EG-GICUC
_erda
041 0 _aAra
082 0 4 _221
_a343.61
_bع ا . ض
092 0 4 _221
099 _aLaw1 10 343.61 ع ا . ض 2006
100 0 _aعادل عبدالعال خراشى
_eمؤلف.
245 1 0 _aضوابط التحرى والإستدلال عن الجرائم فى الفقه الإسلامى والقانون الوضعى :
_bدراسة مقارنة /
_cتأليف دكتور عادل عبدالعال خراشى.
264 1 _aالإسكندرية :
_bدار الجامعة الجديدة،
_c2006.
300 _a260 صفحة؛
_c24 سم.
336 _2rda content
_atext
337 _2rda media
_aComputer
338 _2rda carrier
_aOnline Resource
504 _a ببليوجرافيا: صفحات673-715.
546 _aالنص باللغة العربية
650 1 _aقواعد ووسائل البحث فى علم الإجرام
_2qrmak
650 1 _aالقانون الجنائى
_2qrmak
651 1 _2qrmak
856 4 0 _uhttps://fll.law.cu.edu.eg/fulltext/bks/B10-07421.pdf
905 _a54
_eYara
942 _2ddc
_cBK
_e21
_n0
999 _c56513
_d56513